[Event "Trophee Roza Lallemand Online"]
[Site "Tornelo INT"]
[Date "2020.12.13"]
[Round "4"]
[White "Aubert, Elea"]
[Black "Chevillon, Celia"]
[Result "1-0"]
[WhiteElo "1470"]
[BlackElo "1433"]
[PlyCount "119"]
[EventDate "2020.12.13"]
[EventType "swiss (rapid)"]
[EventRounds "9"]
[EventCountry "USA"]
[SourceTitle "EXT 2022"]
[Source "ChessBase"]
[SourceDate "2021.10.06"]
[SourceVersion "1"]
[SourceVersionDate "2021.10.06"]
[SourceQuality "1"]

1. e4 e5 2. Nf3 Nc6 3. Bc4 Bc5 4. c3 Nf6 5. d3 d6 6. h3 h6 7. 0-0 Be6 8. Bb3 0-0 9. Be3 Bb6 10. Nbd2 d5 11. exd5 Nxd5 12. Bxb6 axb6 13. Re1 Qf6 14. Ne4 Qd8 15. Ng3 Qd6 16. d4 exd4 17. Nxd4 Nxd4 18. Qxd4 Rad8 19. Rad1 c6 20. c4 Qc7 21. cxd5 Bxd5 22. Bxd5 Rxd5 23. Qc3 Rc5 24. Qe3 Rb5 25. b3 Ra5 26. a4 Rc5 27. Ne4 Re5 28. Qd4 Rfe8 29. Re3 f5 30. Ng3 Rxe3 31. fxe3 Qxg3 32. Rd3 Kh8 33. e4 Qe1+ 34. Kh2 fxe4 35. Rg3 Rg8 36. Re3 Qb1 37. Qxb6 Qc2 38. Qxb7 Re8 39. Qd7 Rb8 40. Qe6 Rg8 41. Rxe4 Qc3 42. Re3 Qc5 43. Qe4 Rf8 44. Re1 Qd6+ 45. Kh1 Qc5 46. Qe2 Qc3 47. Qe6 Qxb3 48. Qxb3 Rc8 49. a5 Ra8 50. Qb6 c5 51. Qxc5 Kh7 52. Re7 Rg8 53. a6 Kg6 54. Qd6+ Kh7 55. Qe5 Kg6 56. Re6+ Kh7 57. Qf5+ Kh8 58. Qg6 Ra8 59. Re7 Rb8 60. Qxg7# 1-0

[Event "Trophee Roza Lallemand Online"]
[Site "Tornelo INT"]
[Date "2020.12.13"]
[Round "1"]
[White "Chevillon, Celia"]
[Black "Fleurette, Anne Laure"]
[Result "1-0"]
[WhiteElo "1433"]
[BlackElo "1294"]
[PlyCount "135"]
[EventDate "2020.12.13"]
[EventType "swiss (rapid)"]
[EventRounds "9"]
[EventCountry "USA"]
[SourceTitle "EXT 2022"]
[Source "ChessBase"]
[SourceDate "2021.10.06"]
[SourceVersion "1"]
[SourceVersionDate "2021.10.06"]
[SourceQuality "1"]

1. e4 e5 2. Nf3 Nc6 3. Bc4 Bc5 4. c3 Nf6 5. d3 Na5 6. Bb3 Nxb3 7. axb3 a6 8. Be3 Bxe3 9. fxe3 Ng4 10. Qe2 c6 11. d4 d6 12. Nbd2 0-0 13. 0-0 exd4 14. exd4 b6 15. b4 Bb7 16. h3 Nh6 17. Nb3 Qd7 18. Nh4 Rae8 19. Rae1 c5 20. bxc5 bxc5 21. dxc5 d5 22. Qd1 Bc6 23. Nf5 Nxf5 24. exf5 Bb5 25. Rf3 Rxe1+ 26. Qxe1 Re8 27. Qg3 f6 28. Nd4 Qc8 29. Ne6 Rxe6 30. fxe6 Qxe6 31. Re3 Qc6 32. Qb8+ Kf7 33. Qd6 d4 34. Re7+ Kg6 35. Qg3+ Kf5 36. cxd4 Qe4 37. Rxe4 Kxe4 38. Qc3 Kd5 39. Kf2 g5 40. Kf3 f5 41. g3 h5 42. Qe3 Bc6 43. Kf2 Bd7 44. Qxg5 Kxd4 45. Qxh5 Ke4 46. Qf3+ Kd4 47. Qe3+ Kd5 48. b4 Kc6 49. Qa3 Kb5 50. Qa5+ Kc4 51. Qxa6+ Bb5 52. Qb6 Kxb4 53. c6 Kc4 54. c7 Bd7 55. Qb8 Kc5 56. c8Q+ Bxc8 57. Qxc8+ Kd5 58. Qxf5+ Kd4 59. Kf3 Kc4 60. Qe4+ Kc3 61. Qd5 Kc2 62. Qd4 Kb3 63. Qc5 Kb2 64. Qc4 Kb1 65. Qe2 Kc1 66. Ke3 Kb1 67. Kd3 Kc1 68. Qc2# 1-0

[Event "Trophee Roza Lallemand Online"]
[Site "Tornelo INT"]
[Date "2020.12.13"]
[Round "9"]
[White "Chevillon, Celia"]
[Black "Moulin, Marie"]
[Result "1-0"]
[WhiteElo "1433"]
[BlackElo "1579"]
[PlyCount "67"]
[EventDate "2020.12.13"]
[EventType "swiss (rapid)"]
[EventRounds "9"]
[EventCountry "USA"]
[SourceTitle "EXT 2022"]
[Source "ChessBase"]
[SourceDate "2021.10.06"]
[SourceVersion "1"]
[SourceVersionDate "2021.10.06"]
[SourceQuality "1"]

1. e4 d5 2. exd5 Nf6 3. c4 e6 4. dxe6 Bxe6 5. Nc3 Bb4 6. Qb3 Nc6 7. a3 Ba5 8. Nf3 b6 9. Qb5 Bd7 10. b4 0-0 11. bxa5 Nd4 12. Qb2 Re8+ 13. Ne2 Nxf3+ 14. gxf3 Bf5 15. Rg1 Bd3 16. Qc3 Re6 17. Kd1 Bg6 18. Nf4 Rd6 19. Nxg6 fxg6 20. axb6 axb6 21. Qb3 c5 22. Qc2 Qe7 23. Bd3 Rad8 24. Be4 Qe5 25. Rb1 Qxh2 26. Re1 Qxf2 27. Re2 Qg1+ 28. Re1 Qg3 29. a4 Qf4 30. Re2 Nxe4 31. Qxe4 Qg3 32. Qe3 Rd3 33. Qe6+ Kf8 34. Qg4 1-0

[Event "FRA-ch Blitz Online Qual"]
[Site "Europe Echecs INT"]
[Date "2020.05.16"]
[Round "14"]
[White "Chevillon, Celia"]
[Black "Frey, Thierry"]
[Result "1-0"]
[WhiteElo "1433"]
[BlackElo "1792"]
[PlyCount "75"]
[EventDate "2020.05.16"]
[EventType "swiss (blitz)"]
[EventRounds "15"]
[EventCountry "FRA"]
[SourceTitle "CBM 196 Extra"]
[Source "ChessBase"]
[SourceDate "2020.07.31"]
[SourceVersion "1"]
[SourceVersionDate "2020.07.31"]
[SourceQuality "1"]

1. e4 c5 2. Nf3 d6 3. d4 cxd4 4. Nxd4 Nf6 5. Nc3 a6 6. Be3 e5 7. Nb3 Be6 8. f3 Be7 9. Be2 0-0 10. 0-0 Nbd7 11. Qd2 Rc8 12. Rfd1 Qc7 13. Rac1 Rfd8 14. Bg5 h6 15. Bh4 Nc5 16. Bxf6 Bxf6 17. Nxc5 dxc5 18. Qe1 Rd4 19. Rxd4 cxd4 20. Nd5 Bxd5 21. exd5 Qd6 22. c4 Bg5 23. Rd1 Be3+ 24. Kh1 b5 25. b3 bxc4 26. Bxc4 f5 27. Qe2 a5 28. g3 Re8 29. Kg2 e4 30. fxe4 Rxe4 31. a4 Re7 32. Qf3 Qe5 33. d6+ Re6 34. Bxe6+ Qxe6 35. Qc6 Qxb3 36. Rf1 Qb2+ 37. Kf3 Qc2 38. Qxc2 1-0